| 000 | 01040cam a22003377a 4500 | ||
|---|---|---|---|
| 001 | 5520462 | ||
| 003 | LIBRIS | ||
| 005 | 20210420061400.0 | ||
| 008 | 011211s1986 xxu 000 0 eng c | ||
| 020 |
_a0721615783 ; _cCIP entry |
||
| 040 |
_aGm _cDLC |
||
| 080 |
_a61 _bJ-29 |
||
| 082 | 0 |
_a610 _b.28 _219 |
|
| 084 |
_aV _2kssb/8 (machine generated) |
||
| 100 |
_9379 _aJavitt,Jonathan |
||
| 245 | 0 | 0 |
_aComputers in medicine : _bapplications and possibilities / _c[edited by] Jonathan Javitt |
| 260 |
_aPhiladelphia : _bSaunders, _c1986 |
||
| 300 |
_a317 s. : _bill. |
||
| 650 | 0 | _aComputers | |
| 650 | 0 | _aPractice Management, Medical | |
| 650 | 2 | _aComputers | |
| 650 | 2 | _aPractice management, medical | |
| 650 | 2 | _aComputers | |
| 650 | 2 | _aPractice management, medical | |
| 653 | _aმედიცინა | ||
| 653 | _aკომპიუტერები მედიცინაში | ||
| 700 | 1 |
_aJavitt, Jonathan _4oth |
|
| 942 |
_2udc _cBK |
||
| 999 |
_c456 _d456 |
||